Champions du Portugal (Football) - Statistiques

Statistiques générales
  • Ce quiz a été pris 262 fois
  • Le résultat moyen est 4 sur 5
Statistiques - réponses
# Dernier titre Club % Correct
11 2023 Benfica Lisbonne
98%
10 2022 FC Porto
98%
9 2024 Sporting Portugal
98%
8 2001 Boavista
52%
8 1946 Belenenses
19%
Aucun quiz correspondant
Distribution des résultats
% des personnes avec chaque résultat
Percentile par nombre de réponses
Votre historique - résultats
Vous n’avez pas pris ce quiz